MARC

LEADER 00000nam0a2200000 4500
001 89383
005 20231031103022.0
035 |a (RuTPU)RU\TPU\book\95891 
090 |a 89383 
100 |a 20060120d1980 m y0rusy50 ca 
101 0 |a rus 
102 |a RU 
105 |a a z 001zy 
200 1 |a Волокна с особыми свойствами  |f под ред. Л. А. Вольфа 
210 |a Москва  |c Химия  |d 1980 
215 |a 240 с.  |c ил. 
225 1 |a Химические волокна 
320 |a Библиография в конце глав. 
320 |a Предметный указатель: с. 239-240 
610 1 |a химические волокна 
610 1 |a свойства 
610 1 |a окислительно-восстановительные волокна 
610 1 |a полые волокна 
675 |a 677.4  |v 3 
702 1 |a Вольф  |b Л. А.  |g Леонард Абрамович  |4 340 
801 1 |a RU  |b 63413507  |c 20060120  |g PSBO 
801 2 |a RU  |b 63413507  |c 20090324  |g PSBO 
942 |c BK